Pénteken közgyűlés. Beépül az Ady tér?

Elmentve itt :
Bibliográfiai részletek
Dokumentumtípus: Cikk
Megjelent: 1999-01-14
Sorozat:Délmagyarország 89 No. 11
Kulcsszavak:Építkezési tervek, Ady tér
Online Access:http://dmarchiv.bibl.u-szeged.hu/80325
LEADER 00433nab a2200145 i 4500
001 delm80325
005 20191024133644.0
008 191024s1999 hu o 0|| hun d
040 |a SZTE Délmagyarország Archívum  |b hun 
041 |a hun 
245 0 0 |a Pénteken  |h [elektronikus dokumentum] :  |b közgyűlés. Beépül az Ady tér? 
260 |c 1999-01-14 
300 |a 5 
490 0 |a Délmagyarország  |v 89 No. 11 
695 |a Építkezési tervek, Ady tér